| 000 | 00636nam a22001697a 4500 | ||
|---|---|---|---|
| 003 | OSt | ||
| 005 | 20171010095526.0 | ||
| 008 | 121002t xxu||||| |||| 00| 0 eng d | ||
| 040 |
_aMMSU _cULS |
||
| 100 |
_aBacnis, Rubie Honey S. _912991 |
||
| 245 |
_aPhytoremediation potential of marigold (Tegetes erecta Linn.) in absorbing used motor oil _cRubie Honey S. Bacnis |
||
| 260 | _c2008 | ||
| 300 |
_axiii, 32 leaves _c28 cm. |
||
| 500 | _aThesis (BS Environmental Science) -- Mariano Marcos State University-College of Agriculture, Food and Sustainable Development, Batac City | ||
| 504 | _aBibliography: leaves 26 | ||
| 942 |
_2ddc _cREF |
||
| 999 |
_c9788 _d9788 |
||